000 00560nam a2200217Ia 4500
003 OSt
005 20220926040645.0
006 a|||||r|||| 00| 0
007 ta
008 220923b |||||||| |||| 00| 0 eng d
037 _cGeneral Book
040 _aRTL
_cRTL
_beng
041 _2eng
_aeng
082 _aXxM8, K2
100 _aSievers Allen M
_9236341
245 0 _aRevolution, evolution and the economic order
260 _c1962
490 _aSpectrum Book
942 _hXxM8, K2
_cGB
_2CC
999 _c665318
_d665318